000 00703cam a2200241 4500
001 M1549
008 090401t1981 xxu||||| |||| 00| 0 eng d
035 _a(Sirsi) u32749
041 _aeng
050 _a692.5
100 _aHarrison, R.S.
245 _aEstimating and tendering: some aspects of theory and practice.
260 _aAscot
_bChartered Institute of Building
_c1981
300 _a4p. ; 30cm
350 _a0
490 _aEstimating Information Service
_v41
650 _aCHARTERED INSTITUTE OF BUILDING
650 _aESTIMATING AND TENDERING
690 _aBUILT ENVIRONMENT-BUILDING COSTS
710 _aChartered Institute of Building
_92134
942 _n0
948 _c04/03/1997
999 _c89753
_d89753